000 00350nam a22001697a 4500
003 UA-OsUOA
001 2711
007 ta
008 20050721b un ||||| |||| 00| 0 ukr d
100 _aDurell
700 _aAnn
942 _cBK
040 _aUA-OsUOA
_cUA-OsUOA
_dUA-OsUOA
245 _aJust for fun.
_bChildren Lit.
955 _a2
650 7 _2UDC
999 _c288873
_d288873